| 000 | 00694nam a22002057a 4500 | ||
|---|---|---|---|
| 003 | 0 | ||
| 005 | 20240921140450.0 | ||
| 008 | 240921b xxu||||| |||| 00| 0 eng d | ||
| 020 | _a978-0-357-79784-6 | ||
| 050 |
_aRC 454 _b.K43 2024 |
||
| 100 | _aKearney, Christopher A. | ||
| 245 |
_aPsychopathology and life _ba dimensional approach _cChristopher A. Kearney |
||
| 250 | _aFourth edition | ||
| 260 |
_aBoston, Massachusetts _bCengage _c2024 |
||
| 300 |
_axxi, 525 pages : _bcolored illustrations and pictures ; _c28cm. |
||
| 501 | _aIncludes bibliographical references, glossary, and index. | ||
| 650 | _aPsychology, Pathological. | ||
| 650 | _aPsychopathology. | ||
| 942 |
_2lcc _cBK |
||
| 999 |
_c366312 _d366312 |
||